Oración fúnebre que por encargo de la Real Academia Española y en las honras de Miguel de Cervantes y demás ingenios españoles pronunció en la iglesia de Religiosas Trinitarias de Madrid, el día 23 de abril de 1900 / (Record no. 155307)

MARC details
000 -LEADER
campo de control de longitud fija 00907nam a22001935i 4500
001 - NÚMERO DE CONTROL
campo de control 155307
003 - IDENTIFICADOR DE NÚMERO DE CONTROL
campo de control ES-MaACL
005 - FECHA Y HORA DE LA ÚLTIMA TRANSACCIÓN
campo de control 20240224062543.0
008 - DATOS DE LONGITUD FIJA--INFORMACIÓN GENERAL
campo de control de longitud fija 991203s1900 sp |||| | spa d
040 ## - FUENTE DE CATALOGACIÓN
Centro catalogador/agencia de origen CCPB | B
Lengua de catalogación spa
Centro/agencia transcriptor CCPB | B
100 1# - ENTRADA PRINCIPAL--NOMBRE DE PERSONA
Nombre de persona Hernández, Antonio
Títulos y otros términos asociados al nombre O.P.
9 (RLIN) 222378
245 10 - MENCIÓN DEL TÍTULO
Título Oración fúnebre que por encargo de la Real Academia Española y en las honras de Miguel de Cervantes y demás ingenios españoles pronunció en la iglesia de Religiosas Trinitarias de Madrid, el día 23 de abril de 1900 /
Mención de responsabilidad, etc. Antonio Hernández.
260 ## - PUBLICACIÓN, DISTRIBUCIÓN, ETC.
Lugar de publicación, distribución, etc. Madrid :
Nombre del editor, distribuidor, etc. [s.n.],
Fecha de publicación, distribución, etc. 1900 (
Fabricante Establecimiento Tipográfico "Sucesores de Rivadeneyra")
300 ## - DESCRIPCIÓN FÍSICA
Extensión 26 p. ;
Dimensiones 28 cm.
600 14 - PUNTO DE ACCESO ADICIONAL DE MATERIA--NOMBRE DE PERSONA
Nombre de persona Cervantes Saavedra, Miguel de,
Fechas asociadas al nombre 1547-1616
9 (RLIN) 226514
710 2# - ENTRADA AGREGADA--NOMBRE DE ENTIDAD CORPORATIVA
Nombre de entidad corporativa o nombre de jurisdicción como elemento de entrada Real Academia Española
9 (RLIN) 6336
852 ## - LOCALIZACIÓN
Ubicación ES-MaACL
Número de control de estantería F-M-III-E-F (X)
Nota libre -- Enc. pasta española
-- -- Enc. en un vol. facticio
Holdings
Estatus retirado Estado de pérdida Estado de daño No para préstamo Colección Biblioteca de origen Biblioteca actual Ubicación en estantería Fecha de adquisición Fuente de adquisición Total de préstamos Signatura topográfica completa Código de barras Visto por última vez Precio de reemplazo Tipo de ítem Koha
        Libros del s. XIX Biblioteca del Ateneo de Madrid Biblioteca del Ateneo de Madrid Administración 17/01/2008     F-M-III-E-F (X) 1162459 23/02/2023 23/02/2023 Libro impreso antiguo